LEADER 01496nam 2200325 n 450 001 996387668303316 005 20221108020831.0 035 $a(CKB)1000000000623233 035 $a(EEBO)2240941146 035 $a(UnM)99838492 035 $a(EXLCZ)991000000000623233 100 $a19901106d1633 uy | 101 0 $aeng 135 $aurbn||||a|bb| 200 02$aA learned and godly sermon preached on the XIX. day of December, anno Dom. MDCXXXI. at the funerall of Mr. Robert Bolton ... By Mr. Nicholas Estvvick ... Revised and somewhat enlarged by the author, and now at the importunity of some friends published$b[electronic resource] 210 $aLondon $cPrinted by George Miller dwelling in the Black-Friers$d1633 215 $a[2], 72, [2] p 300 $aWith a final errata leaf. 300 $aAlso issued as part of: Bolton, Robert. Mr. Bolton's last and learned worke of the foure last things: London, 1633. 300 $aReproduction of the original in the British Library. 330 $aeebo-0018 700 $aEstwick$b Nicolas$01002080 801 0$bCu-RivES 801 1$bCu-RivES 801 2$bCStRLIN 801 2$bWaOLN 906 $aBOOK 912 $a996387668303316 996 $aA learned and godly sermon preached on the XIX. day of December, anno Dom. MDCXXXI. at the funerall of Mr. Robert Bolton ... By Mr. Nicholas Estvvick ... Revised and somewhat enlarged by the author, and now at the importunity of some friends published$92324516 997 $aUNISA LEADER 03113oam 2200649zu 450 001 9910139973903321 005 20210807001241.0 010 $a2-36245-018-X 024 7 $a10.4000/books.ifeagd.125 035 $a(CKB)2560000000351757 035 $a(SSID)ssj0001541683 035 $a(PQKBManifestationID)11862931 035 $a(PQKBTitleCode)TC0001541683 035 $a(PQKBWorkID)11535599 035 $a(PQKB)11049636 035 $a(WaSeSS)IndRDA00045212 035 $a(FrMaCLE)OB-ifeagd-125 035 $a(oapen)https://directory.doabooks.org/handle/20.500.12854/53054 035 $a(PPN)182834344 035 $a(oapen)doab53054 035 $a(EXLCZ)992560000000351757 100 $a20160829d2000 uy 101 0 $afre 135 $aur||||||||||| 181 $ctxt 182 $cc 183 $acr 200 13$aLa mégapole d'Istanbul 1960-2000 : guide bibliographique 210 $cInstitut français d?études anatoliennes$d2000 210 31$a[Place of publication not identified]$cInstitut français d'études anatoliennes$d2000 215 $a1 online resource (19 pages) 225 1 $aDossiers de l'IFEA. Se?rie la Turquie aujourd'hui ;$vNumber 4 300 $aBibliographic Level Mode of Issuance: Monograph 311 08$a2-906053-58-9 320 $aIncludes bibliographical references. 330 $aTirant le constat d'une méconnaissance du formidable objet d'étude que constitue l'Istanbul contemporain, tour à tour mal-aimé, délaissé ou occulté par l'aura symbolique et la pluralité des identiés qu'a assumé Istanbul au fil des âges, ce guide bibliographique est un outil précieux qui fait le point et donne accès à quarante années de travaux scientifiques dans les principales langues européennes. Place est également faite aux travaux universitaires turcs et aux études faites par des institutions, associations et fondations diverses, souvent négligés et trop peu connus. Ce dossier est aussi un plaidoyer pour une recherche urbaine enfin affranchie des tabous, des lamentations nostalgiques et des exigences-marketing de l?économie touristique turque car, Istanbul est avant tout une métropole, aux logiques de développe­ment et de fonctionnement et aux paysages dominants à la vérité bien peu pittoresques. 410 0$aDossiers de l'IFEA.$pSe?rie Turquie aujourd'hui ;$vNumber 4. 606 $aRegions & Countries - Europe$2HILCC 606 $aHistory & Archaeology$2HILCC 606 $aBalkan Peninsula$2HILCC 607 $aIstanbul (Turkey)$vBibliography 610 $aplanification urbaine 610 $atransports 610 $aurbanisme 610 $aséisme 17 août 1999 610 $arisques urbains 610 $adémographie 610 $aadministration publique 615 7$aRegions & Countries - Europe 615 7$aHistory & Archaeology 615 7$aBalkan Peninsula 700 $aPérouse$b Jean-François$0884391 801 0$bPQKB 906 $aBOOK 912 $a9910139973903321 996 $aLa mégapole d'Istanbul 1960-2000 : guide bibliographique$91974898 997 $aUNINA